|
|
|
|
| LEADER |
01391nam a2200313 a 4500 |
| 001 |
8268 |
| 003 |
BD-DhAAL |
| 005 |
20150701085827.0 |
| 008 |
150701s2008 bg g b 001 0 eng d |
| 010 |
|
|
|a 2012337723
|
| 020 |
|
|
|z 9847001900040
|
| 040 |
|
|
|a DKAGE
|b eng
|c DKAGE
|d DEBBG
|d DLC
|d BD-DhAAL
|
| 050 |
0 |
0 |
|a DS395.5
|b .K448 2008
|
| 082 |
0 |
4 |
|a 320.95492
|2 22
|
| 100 |
1 |
|
|a Khanam, Rashida.
|9 12683
|
| 245 |
1 |
4 |
|a The nature of legitimacy and the crisis of Bangladesh politics, 1972-1990 /
|c Rashida Khanam.
|
| 246 |
1 |
4 |
|a Nature of legitimacy & the crisis of Bangladesh politics, 1972-1990
|
| 250 |
|
|
|a 1st ed.
|
| 260 |
|
|
|a Dhaka :
|b A H Development Pub. House,
|c 2008.
|
| 300 |
|
|
|a 299 p. ;
|c 22 cm.
|
| 500 |
|
|
|a Originally presented as the author's thesis (Ph. D.)--University of Chittagong, 2002.
|
| 504 |
|
|
|a Includes bibliographical references (p. [287]-294) and index.
|
| 541 |
|
|
|e 8268
|
| 650 |
|
0 |
|a Legitimacy of governments
|z Bangladesh.
|9 12684
|
| 651 |
|
0 |
|a Bangladesh
|x Politics and government
|y 1971-
|9 12685
|
| 942 |
|
|
|2 ddc
|c BK
|
| 999 |
|
|
|c 34898
|d 34898
|
| 952 |
|
|
|0 0
|1 0
|2 ddc
|4 0
|6 320_954920000000000_KHA
|7 0
|9 54632
|a SCL
|b SCL
|c GEN
|d 2015-07-01
|g 520.00
|l 0
|o 320.95492 KHA
|p 3020008268
|r 2015-07-01
|t 1
|w 2015-07-01
|y BK
|
| 952 |
|
|
|0 0
|1 0
|2 ddc
|4 0
|6 320_954920000000000_KHA
|7 0
|9 63361
|a SCL
|b SCL
|c GEN
|d 2018-05-22
|g 520.00
|l 1
|o 320.95492 KHA
|p 3020008269
|r 2024-04-03
|s 2024-03-30
|t 2
|w 2018-05-22
|y BK
|